Statistics for Beatles Songs Quiz

Click here to take the quiz!

General Stats

  • This quiz has been taken 89,357 times
    (89,333 since last reset)
  • The average score is 63 of 210

Answer Stats

Year Album Song % Correct
1969Let It BeLet It Be
94%
1965Help!Help!
92%
1966RevolverYellow Submarine
90%
1964A Hard Day's NightA Hard Day's Night
81%
1962Please Please MePlease Please Me
77%
1967Sgt. Pepper's Lonely Hearts Club BandSgt. Pepper's Lonely
Hearts Club Band
76%
1968Past MastersHey Jude
75%
1966RevolverEleanor Rigby
66%
1965Help!Yesterday
66%
1967Sgt. Pepper's Lonely Hearts Club BandLucy in the Sky
with Diamonds
66%
1967Magical Mystery TourStrawberry Fields Forever
63%
1967Abbey RoadCome Together
61%
1963Past MastersI Want to Hold Your Hand
61%
1967Magical Mystery TourPenny Lane
59%
1969Magical Mystery TourMagical Mystery Tour
58%
1967Magical Mystery TourI Am the Walrus
58%
1968Past MastersRevolution
57%
1969Abbey RoadHere Comes the Sun
57%
1962Please Please MeLove Me Do
56%
1963Please Please MeTwist and Shout
55%
1969Abbey RoadSomething
54%
1967Sgt. Pepper's Lonely Hearts Club BandA Day in the Life
54%
1968The BeatlesBack in the U.S.S.R.
54%
1969Abbey RoadOctopus's Garden
53%
1967Magical Mystery TourAll You Need Is Love
53%
1968The BeatlesBlackbird
52%
1967Sgt. Pepper's Lonely Hearts Club BandWith a Little Help from
My Friends
51%
1965Rubber SoulNorwegian Wood
(This Bird Has Flown)
50%
1969Let It BeGet Back
50%
1968The BeatlesWhile My Guitar
Gently Weeps
50%
1963Past MastersShe Loves You
49%
1964Beatles for SaleEight Days a Week
49%
1969Let It BeAcross the Universe
47%
1968The BeatlesHelter Skelter
47%
1965Rubber SoulDrive My Car
46%
1965Rubber SoulMichelle
46%
1968The BeatlesOb-La-Di, Ob-La-Da
46%
1969Let It BeThe Long
and Winding Road
46%
1967Sgt. Pepper's Lonely Hearts Club BandWhen I'm Sixty-Four
45%
1967Magical Mystery TourHello, Goodbye
44%
1966RevolverTaxman
44%
1965Help!Ticket to Ride
44%
1964A Hard Day's NightCan't Buy Me Love
43%
1969Abbey RoadMaxwell's Silver
Hammer
43%
1963Please Please MeI Saw Her Standing There
42%
1968The BeatlesDear Prudence
42%
1966Past MastersPaperback Writer
41%
1967Sgt. Pepper's Lonely Hearts Club BandLovely Rita
41%
1968The BeatlesRocky Raccoon
39%
1968The BeatlesRevolution 9
39%
1965Rubber SoulGirl
38%
1965Rubber SoulIn My Life
38%
1969Abbey RoadThe End
38%
1968Past MastersLady Madonna
38%
1967Sgt. Pepper's Lonely Hearts Club BandBeing for the Benefit
of Mr. Kite!
37%
1968The BeatlesJulia
36%
1969Abbey RoadI Want You
(She's So Heavy)
36%
1963With the BeatlesAll My Loving
36%
1965Past MastersDay Tripper
35%
1969Past MastersThe Ballad of John
and Yoko
35%
1967Sgt. Pepper's Lonely Hearts Club BandShe's Leaving Home
35%
1969Abbey RoadHer Majesty
35%
1967Magical Mystery TourThe Fool on the Hill
35%
1965Rubber SoulNowhere Man
35%
1969Abbey RoadMean Mr. Mustard
34%
1969Abbey RoadBecause
34%
1969Abbey RoadShe Came in Through
the Bathroom Window
34%
1969Abbey RoadGolden Slumbers
34%
1968The BeatlesBirthday
34%
1967Sgt. Pepper's Lonely Hearts Club BandFixing a Hole
33%
1969Abbey RoadOh! Darling
33%
1964A Hard Day's NightAnd I Love Her
33%
1968The BeatlesGlass Onion
33%
1969Abbey RoadCarry That Weight
32%
1969Abbey RoadPolythene Pam
32%
1968The BeatlesHappiness is a
Warm Gun
32%
1969Let It BeDig a Pony
31%
1969Past MastersDon't Let Me Down
30%
1969Abbey RoadSun King
30%
1968The BeatlesSexy Sadie
30%
1969Yellow SubmarineHey Bulldog
30%
1967Sgt. Pepper's Lonely Hearts Club BandWithin You Without You
30%
1965Help!You've Got to Hide
Your Love Away
30%
1967Sgt. Pepper's Lonely Hearts Club BandGood Morning Good Morning
29%
1967Sgt. Pepper's Lonely Hearts Club BandGetting Better
29%
1967Magical Mystery TourBlue Jay Way
29%
1964Past MastersI Feel Fine
28%
1969Let It BeTwo of Us
28%
1968The BeatlesWhy Don't We Do It
in the Road?
28%
1968The BeatlesPiggies
28%
1965Past MastersWe Can Work It Out
28%
1966RevolverTomorrow Never Knows
28%
1966RevolverHere, There and Everywhere
28%
1964A Hard Day's NightIf I Fell
28%
1968Let It BeI Me Mine
27%
1968The BeatlesHoney Pie
27%
1963Please Please MeBoys
27%
1968The BeatlesMartha My Dear
27%
1963Past MastersFrom Me to You
27%
1966RevolverDoctor Robert
27%
1969Abbey RoadYou Never Give Me
Your Money
26%
1963Please Please MeDo You Want
to Know a Secret
26%
1968The BeatlesThe Continuing Story
of Bungalow Bill
26%
1966RevolverGood Day Sunshine
26%
1966RevolverGot To Get You Into My Life
26%
1963Please Please MeChains
25%
1964With the BeatlesRoll Over Beethoven
25%
1966RevolverI'm Only Sleeping
25%
1966RevolverAnd Your Bird Can Sing
25%
1968The BeatlesGood Night
25%
1965Help!I've Just Seen a Face
25%
1968The BeatlesEverybody's Got
Something to Hide Except
Me and My Monkey
25%
1968The BeatlesRevolution 1
25%
1968The BeatlesI Will
24%
1965Rubber SoulRun for Your Life
24%
1963With the BeatlesPlease Mr. Postman
24%
1963Please Please MeAnna (Go to Him)
24%
1969Let It BeMaggie Mae
24%
1967Magical Mystery TourYour Mother Should Know
24%
1966RevolverFor No One
24%
1962Please Please MeP.S. I Love You
23%
1966Past MastersRain
23%
1967Magical Mystery TourBaby, You're a Rich Man
23%
1968The BeatlesYer Blues
23%
1970Let It BeDig It
23%
1969Let It BeOne After 909
23%
1967Magical Mystery TourFlying
23%
1964Beatles for SaleI'm a Loser
23%
1965Help!Act Naturally
23%
1968The BeatlesWild Honey Pie
23%
1965Help!Dizzy Miss Lizzy
23%
1964Beatles for SaleNo Reply
22%
1968The BeatlesI'm So Tired
22%
1969Yellow SubmarineAll Together Now
22%
1968The BeatlesSavoy Truffle
22%
1965Help!I Need You
22%
1965Help!The Night Before
22%
1965Help!You're Going
to Lose That Girl
22%
1966RevolverShe Said She Said
22%
1964Beatles for SaleBaby's in Black
21%
1964A Hard Day's NightI Should Have
Known Better
21%
1964Beatles for SaleI'll Follow the Sun
21%
1963Please Please MeMisery
21%
1965Help!Another Girl
21%
1968The BeatlesDon't Pass Me By
21%
1969Let It BeFor You Blue
21%
1965Rubber SoulI'm Looking Through You
20%
1963Please Please MeA Taste of Honey
20%
1969Let It BeI've Got a Feeling
20%
1968The BeatlesMother Nature's Son
19%
1963Past MastersThis Boy
19%
1969Past MastersOld Brown Shoe
19%
1963With the BeatlesIt Won't Be Long
19%
1965Rubber SoulWait
19%
1968The BeatlesLong, Long, Long
19%
1964A Hard Day's NightI'm Happy Just
to Dance with You
19%
1966RevolverLove You To
19%
1965Rubber SoulThe Word
19%
1968The BeatlesCry Baby Cry
19%
1964Beatles for SaleMr. Moonlight
18%
1964Beatles for SaleRock and Roll Music
18%
1964Beatles for SaleKansas City /
Hey, Hey, Hey, Hey
18%
1963With the BeatlesMoney (That's
What I Want)
18%
1965Rubber SoulIf I Needed Someone
18%
1964A Hard Day's NightTell Me Why
18%
1969Yellow SubmarineOnly a Northern Song
18%
1962Please Please MeAsk Me Why
17%
1963With the BeatlesTill There Was You
17%
1963With the BeatlesI Wanna Be Your Man
17%
1965Rubber SoulYou Won't See Me
17%
1963Please Please MeBaby It's You
16%
1965Rubber SoulThink for Yourself
16%
1963Please Please MeThere's a Place
16%
1965Help!It's Only Love
16%
1963With the BeatlesDon't Bother Me
16%
1964Past MastersLong Tall Sally
16%
1964A Hard Day's NightYou Can't Do That
16%
1963With the BeatlesHold Me Tight
15%
1965Past MastersI'm Down
15%
1964A Hard Day's NightThings We Said Today
15%
1964A Hard Day's NightI'll Be Back
15%
1964Beatles for SaleHoney Don't
15%
1966RevolverI Want to Tell You
15%
1965Rubber SoulWhat Goes On
15%
1964Beatles for SaleI Don't Want
to Spoil the Party
14%
1970Past MastersYou Know my Name
(Look Up the Number)
14%
1964A Hard Day's NightAny Time at All
14%
1964Beatles for SaleEverybody's Trying
to Be My Baby
14%
1969Yellow SubmarineIt's All Too Much
14%
1964Past MastersShe's a Woman
13%
1968Past MastersThe Inner Light
13%
1964Beatles for SaleWords of Love
13%
1963With the BeatlesAll I've Got to Do
13%
1965Help!You Like Me Too Much
13%
1964A Hard Day's NightI'll Cry Instead
13%
1963With the BeatlesLittle Child
12%
1965Help!Tell Me What You See
12%
1963With the BeatlesYou Really Got a
Hold on Me
12%
1963With the BeatlesDevil in Her Heart
12%
1964Past MastersMatchbox
12%
1964Beatles for SaleEvery Little Thing
12%
1965Past MastersBad Boy
12%
1964Beatles for SaleWhat You're Doing
11%
1964A Hard Day's NightWhen I Get Home
11%
1965Past MastersYes it Is
11%
1963With the BeatlesNot a Second Time
10%
1963Past MastersThank You Girl
10%
1963Past MastersI'll Get You
10%
1964Past MastersSlow Down
9%
1964Past MastersI Call Your Name
9%

Score Distribution

Percentile by Number Answered

Percent of People with Each Score

Your Score History

You have not taken this quiz since the last reset